Ч. 1; Высшая математика. Руководство к решению задач

التفاصيل البيبلوغرافية
Parent link:Высшая математика. Руководство к решению задач: учебное пособие/ К. Н. Лунгу, Е. В. Макаров. Ч. 1.— , 2008
الملخص:Учебное пособие написано на основе многолетнего опыта чтения лекций и проведения практических занятий по высшей математике в Московском государственном открытом университете на различных факультетах. В пособии большое внимание уделяется решению типовых задач по вычислению пределов, по построению и исследованию графиков функций, по дифференциальному исчислению. Наряду с большим числом решенных задач, приводятся упражнения для самостоятельного решения; ко всем главам даны контрольные задания. Пособие рассчитано на студентов очной, заочной и вечерней форм обучения факультетов, где математика не является профилирующей дисциплиной. Допущено Министерством образования Российской Федерации в качестве учебного пособия для студентов высших учебных заведений, обучающихся по техническим направлениям и специальностям.
اللغة:الروسية
منشور في: 2008
الموضوعات:
التنسيق: MixedMaterials كتاب
KOHA link:https://koha.lib.tpu.ru/cgi-bin/koha/opac-detail.pl?biblionumber=145714

MARC

LEADER 00000nam2a2200000 4500
001 145714
005 20231031144158.0
010 |a 9785922109031 
035 |a (RuTPU)RU\TPU\book\157947 
035 |a RU\TPU\book\93504 
090 |a 145714 
100 |a 20051205d2008 m y0rusy50 ca 
101 0 |a rus 
102 |a RU 
105 |a a j 001zy 
200 0 |a Ч. 1 
210 |d 2008 
215 |a 216 с.  |c ил. 
320 |a Библиогр.: с. 213. 
330 |a Учебное пособие написано на основе многолетнего опыта чтения лекций и проведения практических занятий по высшей математике в Московском государственном открытом университете на различных факультетах. В пособии большое внимание уделяется решению типовых задач по вычислению пределов, по построению и исследованию графиков функций, по дифференциальному исчислению. Наряду с большим числом решенных задач, приводятся упражнения для самостоятельного решения; ко всем главам даны контрольные задания. Пособие рассчитано на студентов очной, заочной и вечерней форм обучения факультетов, где математика не является профилирующей дисциплиной. Допущено Министерством образования Российской Федерации в качестве учебного пособия для студентов высших учебных заведений, обучающихся по техническим направлениям и специальностям. 
451 1 |0 (RuTPU)RU\TPU\book\142406  |y 978-5-9221-0756-3  |t Ч. 1  |d 2007  |p 384 с. 
461 1 |0 (RuTPU)RU\TPU\book\169082  |t Высшая математика. Руководство к решению задач  |o учебное пособие  |f К. Н. Лунгу, Е. В. Макаров  |v Ч. 1  |d 2008 
610 1 |a математика 
610 1 |a высшая математика 
610 1 |a задачи 
610 1 |a решения 
610 1 |a линейные уравнения 
610 1 |a аналитическая геометрия 
610 1 |a векторная алгебра 
610 1 |a пространства 
610 1 |a функции 
610 1 |a высшая алгебра 
610 1 |a дифференцированное исчисление 
610 1 |a функции одной переменной 
610 1 |a функции нескольких переменных 
610 1 |a учебные пособия 
675 |a 51(076)  |v 3 
801 1 |a RU  |b 63413507  |c 20081021  |g PSBO 
801 2 |a RU  |b 63413507  |c 20201201  |g PSBO 
900 |a Высшая математика 
942 |c BK 
952 |a 550000 
959 |a 92/20081021  |d 2  |e 121,00  |f АНЛ:1  |f ЧЗТЛ:1 
959 |a 13/20100310  |d 3  |e 154,00  |f УФ:3